000 00694nam a2200241Ia 4500
001 dia_2259
003 CHAP
005 20240307112758.0
008 220601s9999 xx 000 0 und d
020 _a84-89922-13-6
040 _aMXCHPUA
_cCHAP
082 _a664.92 M33
100 _aMadrid, Antonio
_9151812
245 _aAprovechamiento de los Subproductos Cárnicos/ por Antonio Madrid
260 _aMadrid, España: Mundi-Prensa
300 _a324 p.
500 _aI.199781 c.1I.226788 c.2
600 _a1.Productos de Residuos.Ì
_9175776
901 _a664.92 M33
902 _aM
905 _a0000001999 MADA 0000000000ESP00
942 _cLIBRO
_2ddc
999 _c209299
_d209299